Drum Show - Twenty One Pilots Lyrics Quiz - Statistics

General Stats
  • This quiz has been taken 156 times
  • The average score is 221 of 264
Answer Stats
Hint Answer % Correct
a
97%
drum
97%
on
97%
Intro Puttin'
97%
show
97%
Show
97%
I
95%
Now
95%
now,
95%
now
95%
to
94%
Even
92%
even
92%
He
92%
he
92%
the
90%
want
90%
way
90%
go,
88%
Chorus He's
88%
home
88%
not
88%
putting
87%
so,
86%
so
86%
So
86%
change
84%
feel
83%
it,
83%
it
83%
never,
83%
never
83%
out
83%
out,
83%
over
82%
take
82%
and
81%
do
81%
He'll
81%
say
81%
slow
81%
song's
81%
this
81%
drives
79%
fast
79%
longer
79%
places
79%
you
79%
been
78%
for
78%
his
78%
just
78%
between
77%
stuck
77%
today
77%
ever
75%
Bridge (JOSH DUN) I've
75%
of
75%
rock
75%
cage
74%
they
74%
Two
74%
checklist
73%
Drown
73%
drown
73%
have
73%
if
73%
let
70%
your
70%
does
65%
nothing
64%
all
62%
Verse 1 Completed
62%
head
62%
rather
62%
than
62%
at
61%
something
61%
up,
61%
around
60%
starts
57%
fall
55%
Feeling
55%
Verse 2 He'd
55%
Turns
53%
swerves
49%
as
47%
between
31%
No matching quizzes found
Score Distribution
Percent of People with Each Score
Percentile by Number Answered
Your Score History
You have not taken this quiz